Social Dynamics of the Urban: Studies from India (Record no. 541296)

MARC details
000 -LEADER
fixed length control field 00547nam a2200193Ia 4500
008 - FIXED-LENGTH DATA ELEMENTS--GENERAL INFORMATION
fixed length control field 240825s9999 xx 000 0 und d
020 ## - INTERNATIONAL STANDARD BOOK NUMBER
ISBN 9788132239093
Paper back/Hardbound hbk
041 ## - LANGUAGE CODE
Language code of text/sound track or separate title eng
082 ## - DEWEY DECIMAL CLASSIFICATION NUMBER
Classification number 307.76
Item number JAY
100 ## - MAIN ENTRY--AUTHOR NAME
Personal name Jayaram, N
245 #0 - TITLE STATEMENT
Title Social Dynamics of the Urban: Studies from India
Statement of responsibility, etc / N. Jayaram
250 ## - EDITION STATEMENT
Edition statement 1st edition
260 ## - PUBLICATION, DISTRIBUTION, ETC. (IMPRINT)
Name of publisher Springer nature
Year of publication 2021
Place of publication New delhi
300 ## - PHYSICAL DESCRIPTION
Number of Pages 215 p.
Dimensions 22 cm.
504 ## - BIBLIOGRAPHY, ETC. NOTE
Bibliography, etc Includes bibliographical references
650 ## - SUBJECT ADDED ENTRY--TOPICAL TERM
Topical Term Social dynamics ; Globa l; Urban ; Rural
942 ## - ADDED ENTRY ELEMENTS (KOHA)
Koha item type English Books
Holdings
Withdrawn status Lost status Damaged status Not for loan Home library Current library Shelving location Date acquired Cost, normal purchase price Full call number Accession Number Price effective from Koha item type
        Anna Centenary Library Anna Centenary Library 3RD FLOOR, B WING 05.04.2024 1395.00 307.76 JAY 662081 05.04.2024 English Books
        Anna Centenary Library Anna Centenary Library 3RD FLOOR, B WING 05.04.2024 1395.00 307.76 JAY;1 662082 05.04.2024 English Books

Find us on the map